Kartelové právo a oblast pojišťovnictví
Úprava kartelového práva platná v ČR. Dohody medzi podnikmi narušujúcimi hospodársku súťaž. Výnimky zo zákazu dohôd medzi podnikmi. Blokové výnimky. Individuálne výnimky.
Salvato in:
| Autore principale: | |
|---|---|
| Natura: | Capitolo di libro |
| Lingua: | ceco |
| Soggetti: | |
| Tags: |
Nessun Tag, puoi essere il primo ad aggiungerne!!
|
MARC
| LEADER | 00000naa$a2200000$$$4500 | ||
|---|---|---|---|
| 001 | 0001385 | ||
| 005 | 20230922101440.5 | ||
| 041 | 0 | |a cze | |
| 044 | |a CZ | ||
| 245 | 1 | 0 | |a Kartelové právo a oblast pojišťovnictví |c aut. Petr Běhan |
| 520 | |a Úprava kartelového práva platná v ČR. Dohody medzi podnikmi narušujúcimi hospodársku súťaž. Výnimky zo zákazu dohôd medzi podnikmi. Blokové výnimky. Individuálne výnimky. | ||
| 610 | 2 | 0 | |a kartely |
| 610 | 2 | 0 | |a poisťovníctvo |
| 610 | 2 | 0 | |a Česko |
| 610 | 2 | 0 | |a úpravy právne |
| 610 | 2 | 0 | |a Európska únia |
| 610 | 2 | 0 | |a súťaž hospodárska |
| 610 | 2 | 0 | |a dohody |
| 100 | 1 | |a Běhan, Petr | |